LEADER 00780nam0-22002891i-450- 001 990006785540403321 005 20001010 035 $a000678554 035 $aFED01000678554 035 $a(Aleph)000678554FED01 035 $a000678554 100 $a20001010d--------km-y0itay50------ba 101 0 $aita 105 $ay-------001yy 200 1 $aDEMOCRAZIA$fWerner Conzo ... (ed altri)$gprefazione di Vittorio Emanuele Parsi 210 $aVenezia$cMarsilio$d1993. 215 $a142 p.$d21 cm 225 1 $aSaggi$iStoria e scienze sociali 702 1$aConze,$bWerner 801 0$aIT$bUNINA$gRICA$2UNIMARC 901 $aBK 912 $a990006785540403321 952 $aII F 25$b21974$fFSPBC 959 $aFSPBC 996 $aDemokratie$958298 997 $aUNINA DB $aGEN01 LEADER 01051nam0-22003491--450- 001 990008236780403321 005 20080213152842.0 020 $aIT$b1955 4973 035 $a000823678 035 $aFED01000823678 035 $a(Aleph)000823678FED01 035 $a000823678 100 $a20051130d1955----km-y0itay50------ba 101 1 $aita$cfre 102 $aIT 105 $ay-------001yy 200 1 $aTeoria economica e azione politica$fPierre Mendès-France e Gabriel Ardant 210 $a[S.l.]$cUnesco-Sansoni$dstampa 1955$eFirenze$gStianti 215 $aXV, 227 p.$d21 cm 454 0$12001$a<>science économique et l'action$949018 676 $a338.9009$v21$zita 700 1$aMendès France,$bPierre$f<1907-1982>$0407658 701 1$aArdant,$bGabriel$0120780 801 0$aIT$bUNINA$gRICA$2UNIMARC 901 $aBK 912 $a990008236780403321 952 $aXV L 117$b45864$fFGBC 952 $aD/0 MEN$b050258$fSES 959 $aFGBC 959 $aSES 996 $aScience économique et l'action$949018 997 $aUNINA LEADER 00543nam 2200169z- 450 001 9910693642803321 035 $a(CKB)4970000000034446 035 $a(EXLCZ)994970000000034446 100 $a20240129c2003uuuu -u- - 101 0 $aeng 200 00$aHomeland security : voluntary initiatives are under way at chemical facilities, but the extent of security preparedness is unknown 210 $aWashington, D.C 517 $aHomeland Security 906 $aDOCUMENT 912 $a9910693642803321 996 $aHomeland Security$91686681 997 $aUNINA